Fall Out Boy Songs - First Lines - Statistics

General Stats
  • This quiz has been taken 1,508 times
    1,504 since last reset
  • The average score is 10 of 15
Answer Stats
Hint Answer % Correct
I'm gonna make it bend and break, say a prayer, let the good times roll, in case God doesn't show. Thanks For The Memories
85%
Am I more than you bargained for yet? I've been dyin' to tell you anything you wanna hear, cause that's just who I am this week. Sugar, We're Goin Down
80%
She says she's no good with words but I'm worse, barely stuttered out a joke of a romantic stuck to my tongue. Dance Dance
77%
I can move mountains, I can work a miracle, work a miracle. I'll keep you like an oath, ain't nothin' but death do us part. Uma Thurman
76%
I am an arms dealer, fitting you with weapons in the form of words. And I don't really care, which side wins, as long as the room keeps singing, that's just the business I'm in. This Ain't A Scene, It's An Arms Race
72%
I don't know where you're going, but do you have room for one more troubled soul? I don't know where I'm going, but I don't think I'm coming home. And I said, I'll check in tomorrow if I don't wake up dead. This is the road to ruin, and we're started at the end. Alone Together
69%
Say my name and his in the same breath, I dare you to say they taste the same. Let the leaves fall off in the summer, and let December glow in flames. I Don't Care
67%
They say we are what we are, but we don't have to be. I'm bad behaviour, but I'll do it in the best way. Immortals
67%
I thought of angels, chokin' on their halos, get them drunk on rose water. See how dirty I can get them pullin' out their fragile teeth, and clip their tiny wings. Just One Yesterday
66%
There's a room in a hotel in New York City, that shares our fate and deserves our pity. I don't want to remember it all, the promises I made if you just hold on. Twin Skeletons (Hotel in NYC)
61%
Don't panic, no not yet, I know I'm the one you want to forget. Cue all love, to leave me heart, it's time for me to fall apart. Miss Missing You
59%
Coming in unannounced, drag my nails on the tile. I just followed your scent, you can just follow my smile. All of your flaws are aligned with this mood of mine. Cutting me to the bone, nothing left to leave behind. Irresistible
55%
This is a black, black ski mask song, so put all of your anger on. In the truly gruesome do we trust, I will always land on you like a sucker punch. Novocaine
53%
I wanna see your animal side, let it all out. I wanna see the dirt, under your skin, I need your broken promises. Death Valley
49%
Stuck in the jet wash, bad trip I couldn't get off. And maybe I bit off more than I could chew, and overhead of the aqua blue. The Kids Aren't Alright
47%
No matching quizzes found
Score Distribution
Percent of People with Each Score
Percentile by Number Answered
Your Score History
You have not taken this quiz since the last reset